00500nam a22001817a 450000500170000001000210001702000260003803500170006403700130008108200110009410000170010524500740012225000110019626000300020727000420023730000250027970000140030420180120113644.0 a1718EN-30  a9789352533091c525.00 aB-686181-192 bABCadpl a525.00 aPillai, R.S. aStatistics :cby R.S. Pillai [and] Bagavathi btheory and practice /  a8th ed aNew Delhi bS.Chandc2016 a7361, Ram Nagar, bNew Delhi e110055v axii,875p.c23cm(pbk) aBagavathi